| 000 | 00979nam a2200301 i 4500 | ||
|---|---|---|---|
| 001 | bg | ||
| 100 | 1 |
_aBlack, Sam. _d( -1999). |
|
| 245 | 1 | 0 |
_aPublic relations / _cSam Black ; przeł. [z ang.] Iwona Chlewińska. |
| 246 |
_iTyt. oryg.: _aEssentials of public relations |
||
| 250 | _aWyd. 4, dodr. | ||
| 260 |
_aKraków : _bOficyna Ekonomiczna. Oddział Polskich Wydawnictw Profesjonalnych, _c2004. |
||
| 300 |
_a214 s. : _bil. ; _c24 cm. |
||
| 490 | 1 | _aPublikacje Biznesowe | |
| 500 | _aOryg. : "The essentials of public relations" 1993. | ||
| 504 | _aBibliogr. s. 205. - Indeks. | ||
| 650 | 9 | _aPublic relations | |
| 700 | 1 |
_aChlewińska, Iwona. _eTł. |
|
| 830 | _aPublikacje Biznesowe | ||
| 020 | _a8389355000 | ||
| 040 | _cBPK | ||
| 041 | 1 |
_apol _heng |
|
| 044 | _aPOL | ||
| 080 | _a659.4 | ||
| 920 | _a83-89355-00-0 | ||
| 942 | _cKS | ||
| 008 | s pl f |000 0 pol | ||
| 999 |
_c55294 _d55294 |
||
| 856 |
_uhttp://koha.tu.koszalin.pl/cgi-bin/koha/opac-detail.pl?biblionumber=55294 _yKatalog online BPK |
||